| 000 | 01165nam0a22002771 4500 | ||
|---|---|---|---|
| 001 | rc\3541662 | ||
| 005 | 20130115144443.0 | ||
| 021 |
_aRU _b[73-65106] |
||
| 035 | _a(NLR Aleph) 007669755 | ||
| 090 |
_a6421004 _c6421004 |
||
| 100 | _a20130115d1973 |||y0rusy50 ca | ||
| 101 | 0 | _arus | |
| 102 | _aRU | ||
| 105 | _aa z ||||| | ||
| 200 | 1 |
_aВопросы агрономии _eТруды агр. фак. Кирг. с.-х. ин-та _f[Ред. коллегия: доц. Г.Я. Федичкин (отв. ред.) и др.] _gМ-во сел. хоз-ва СССР. Кирг. с.-х. ин-т им. К.И. Скрябина |
|
| 210 |
_aФрунзе _c[Кирг. с.-х. ин-т] _d1973 |
||
| 215 |
_a108 с. _cчерт. _d20 |
||
| 320 | _aСписки лит. в конце работ | ||
| 606 |
_aРастениеводство _yКиргССР _2psbo |
||
| 702 | 1 |
_aФедичкин _bГ. Я. _gГригорий Яковлевич _4340 |
|
| 712 | 0 | 2 |
_aКиргизский с.-х. ин-т им.К. И. Скрябина _cФрунзе _3RU\NLR\AUTH\8817904 |
| 801 | 0 |
_aRU _bNLR _gpsbo |
|
| 801 | 1 |
_aRU _bELAR _2rusmarc |
|
| 852 |
_aNLR _j73-3/5851 |
||
| 942 | _cBOOK | ||
| 980 | _aNB | ||